000 00301nam a22001337a 4500
008 171102b xxu||||| |||| 00| 0 eng d
020 _a9780131018617
041 _aeng
080 _210TH
_a339.138
100 _a60
101 _aMAR
245 _aPRINCIPLES OF MARKETING
_cKOTLER,P
942 _2udc
_cBK
999 _c37312
_d37312